000
00315nam a2200133Ia 4500
008
191201s2011 xx 000 0 und d
082
_a
671.52
_b
AGW
100
_a
AGARWAL, RL
245
0
_a
Welding Engineering
250
_a
5th
260
_c
2011
_b
Khanna Publisher
_a
NEW DELHI
300
_a
744
942
_2
ddc
_c
BK
_0
1
999
_c
8045
_d
8045